• 首页
  • 本馆介绍
  • 公告通知
  • 最新文献
  • 馆藏检索
  • 电子资源
  • 读者导购
  • 参考咨询
  • 我的图书馆
  • 登录
  • 详细信息显示
  • 放入我的书架
  • 预约/预借图书
  • 作者相关作品
  • 分类相关作品
  • 丛书相关作品
  • 出版社相关作品

书目信息

  • 表格格式
  • 工作单格式
  • 卡片格式
题名:
缅甸简史
    
 
作者: ;中山大学东南亚历史研究所 编
分册:  
出版信息: 北京   商务印书馆  1979
页数: 88页
开本: 19cm
丛书名:
单 册:
中图分类: K337.0
科图分类:
主题词: 历史-缅甸
电子资源:
ISBN:
000 00662nam0 2200229 45
001 0179003821
005 20060925110828.53
010    @dCNY0.26
091    @aCN@b11017.444
100    @a19950725d1979 em y0chiy0121 ea
101 0  @achi
102    @aCN@b110000
105    @ay z 000yy
200 10 @a缅甸简史@Amian dian jian shi@f中山大学东南亚历史研究所《缅甸简史》编写组编
210    @a北京@c商务印书馆@d1979
215    @a88页@d19cm
606    @a历史-缅甸
607    @a缅甸@x历史
690    @aK337.0@v3
711 02 @a中山大学东南亚历史研究所@Azhong shan da xue dong nan ya li shi yan jiu suo@4编
801  0 @aCN@bTSSF@c20060925
905    @a10447@dK337.0@e3
    
    缅甸简史/中山大学东南亚历史研究所《缅甸简史》编写组编.-北京:商务印书馆,1979
    88页;19cm
    
    
    ISBN :CNY0.26
    
●
相关链接 在E读中查询图书 在五车中查询图书 在当当中查询图书 在豆瓣中查询图书


正题名:缅甸简史     索取号:K337.0/3         预约/预借

序号 登录号 条形码 馆藏地/架位号 状态 备注
1 0422583   204225837   密集书库/ [索取号:K337.0/3] 在馆    
2 0435528   204355287   密集书库/ [索取号:K337.0/3] 在馆    
3 0435529   204355296   密集书库/ [索取号:K337.0/3] 在馆    
4 0436237   204362377   密集书库/ [索取号:K337.0/3] 在馆    
5 0436238   204362386   密集书库/ [索取号:K337.0/3] 在馆    
唐山师范学院图书馆 欢迎您!
大连网信软件有限公司© 版权所有